000 00382nam a2200181Ia 4500
003 0STCL
008 150530s9999 xx 000 0 und d
040 _aSTCL
_cSTCL
100 _aPathria, R.K.
245 _aStatistical mechanics
250 _aSecond
260 _c2005
300 _a0
546 _aEnglish
942 _2ddc
_cBK
999 _c28707
_d28707
005 20220125170135.0